| 000 | 00746nam a2200253Ia 4500 | ||
|---|---|---|---|
| 003 | OSt | ||
| 005 | 20220928125639.0 | ||
| 006 | a|||||r|||| 00| 0 | ||
| 007 | ta | ||
| 008 | 220927b |||||||| |||| 00| 0 eng d | ||
| 020 | _c850 | ||
| 024 | _a111287 | ||
| 037 |
_b101, 18/02/2011, Index International _cTextual |
||
| 040 |
_aSDCL _cSDCL _beng |
||
| 041 |
_2eng _aeng |
||
| 082 | _aY15:4'P, P9 | ||
| 100 |
_aEnarson Elaine Ed. _9470745 |
||
| 245 | 0 | _aWomen, gender and disaster. | |
| 260 |
_aLos _bAngeles SAGE _c2009 |
||
| 300 |
_axviii,380p. _ccm. |
||
| 650 | _aInstitute of Life Long Learning | ||
| 942 |
_hY15:4'P, P9 _cTEXL _2CC |
||
| 999 |
_c783451 _d783451 |
||